[Event "CZE-chT2"]
[Site "?"]
[Date "1995.??.??"]
[Round "?"]
[White "Pesout, Jan"]
[Black "Houser, Pavel"]
[Result "0-1"]
[WhiteElo "2260"]
[BlackElo "2340"]

1.d4 d5 2.c4 e6 3.Nc3 c6 4.Nf3 Nf6 5.e3 Nbd7 6.Bd3 dxc4 7.Bxc4 b5 8.Bd3 a6
9.O-O c5 10.Qe2 Bb7 11.b3 Be7 12.Rd1 Qb6 13.Bb2 O-O 14.Rac1 Rac8 15.Bb1 Ba8
16.dxc5 Nxc5 17.b4 Ncd7 18.a3 Qb7 19.e4 Nb6 20.e5 Nh5 21.Rd4 Rc4 22.Ne4 Nf4
23.Qd2 Rxc1+ 24.Bxc1 Ng6 25.Qd1 Qc7 26.Nd6 Bxf3 27.gxf3 Nxe5 28.Bf4 Bxd6
29.Rxd6 Ng6 30.Bg3 Qb7 31.Be4 Nd5 32.Bxd5 exd5 33.Rxd5 f5 34.Bd6 Rd8 35.Rxf5 Qd7
36.Rd5 Nh4 37.Qb3 Qe6 38.Qd3 Qh3  0-1

[Event "Decin op"]
[Site "Decin"]
[Date "1995.??.??"]
[Round "3"]
[White "Capek, Ivan"]
[Black "Dolezal, Radoslav Jr"]
[Result "1/2-1/2"]
[WhiteElo "2180"]
[BlackElo "2260"]

1.Nf3 Nf6 2.c4 e6 3.Nc3 d5 4.d4 c6 5.e3 Bd6 6.Be2 Nbd7 7.Qc2 O-O 8.O-O Re8
9.Rd1 b6 10.e4 dxe4 11.Nxe4 Nxe4 12.Qxe4 Bb7 13.Bf4 Nf6 14.Qe3 Bxf4 15.Qxf4 Qb8
16.Qxb8 Raxb8 17.Ne5 Red8 18.Bf3 Rbc8 19.b4 Ba8 20.a4 Nd7 21.c5 bxc5 22.Nxd7 Rxd7
23.dxc5 Rdc7 24.Rd6 Kf8 25.Kf1 Ke7 26.Rad1 Rb8 27.R1d4 e5 28.Re4 f6 29.Be2 Rd7
30.Rxd7+ Kxd7 31.Rh4 h6 32.b5 cxb5 33.axb5 a6 34.b6 Kc6 35.Rc4 f5 36.Rc1 Bb7
37.g4 g6 38.h4 e4 39.gxf5 gxf5 40.Bd1 Rc8 41.Ba4+ Kd5 42.c6 Bxc6 43.Bxc6+ Rxc6
44.Rb1 Rc8 45.b7 Rb8 46.Rb6 h5 47.Ke2 f4 48.Rxa6 Rxb7 49.Ra5+ Kd4 50.Ra4+ Kd5
51.Ra5+ Kc4 52.Rxh5 Rb2+ 53.Ke1 Kd4 54.Rh8 Rb1+ 55.Kd2 Ke5 56.h5  1/2-1/2

[Event "Decin op"]
[Site "Decin"]
[Date "1995.??.??"]
[Round "3"]
[White "Tolstikh, Nikolay"]
[Black "Buturin, Vladimir"]
[Result "1/2-1/2"]
[WhiteElo "2405"]
[BlackElo "2430"]

1.Nf3 Nf6 2.c4 c6 3.Nc3 d5 4.e3 e6 5.d4 Nbd7 6.Bd3 Bd6 7.e4 dxe4 8.Nxe4 Nxe4
9.Bxe4 O-O 10.O-O Qc7 11.Bc2 c5 12.dxc5 Bxc5 13.Qe2 Re8 14.Bd2 a5 15.b3 Nf8
16.Bc3 f6 17.Nd4 Bd7 18.a4 e5 19.Nb5 Bxb5 20.axb5 Ne6 21.Bf5 Nd4 22.Bxd4 Bxd4
23.Rad1 g6 24.Be4 Kg7 25.Bd5 Re7 26.Qa2 Rae8 27.Rd3 Bc5 28.Be4 f5 29.Bd5 Qb6
30.Kh1 e4 31.Rdd1 h5 32.Ra1 Bb4 33.Qb2+ Kh7 34.Rad1 Bc5 35.Qd2 Qc7 36.Qg5 Qe5
37.Qd2 f4 38.f3 e3 39.Qe2 Rd7 40.Rd3 Red8 41.Rfd1 Kh6 42.Rg1 h4 43.h3 Bb4
44.Rgd1 Ra8 45.Rd4 Qf6 46.Re4 Re7 47.Rxe7 Qxe7 48.Be4 a4 49.bxa4 Rxa4 50.Kh2 Bc5
51.Qc2 Ra3 52.Rd5 Ra1 53.Rd1 Rxd1 54.Qxd1 b6 55.Qe2 Qd6 56.Bc2 Kg5 57.Kg1 Qf6
58.Kf1 Qa1+ 59.Qd1 Qf6 60.Qd3 Kh6 61.Qe4 Bb4 62.Qd3 Qa1+ 63.Bd1 Qb2 64.Bc2 Qc1+
65.Bd1 Qb2 66.Bc2 Qc1+ 67.Bd1 Qa1 68.Ke2 Qf6 69.Kf1 Qg5 70.Qd4 Qg3 71.Qh8+ Kg5
72.Qe5+ Kh6 73.Qh8+ Kg5  1/2-1/2

[Event "Decin op"]
[Site "Decin"]
[Date "1995.??.??"]
[Round "4"]
[White "Pushkov, Nikolai"]
[Black "Spesny, Jan"]
[Result "1-0"]
[WhiteElo "2515"]
[BlackElo "2295"]

1.d4 d5 2.c4 c6 3.Nf3 Nf6 4.Nc3 e6 5.e3 Nbd7 6.Qc2 Bd6 7.Be2 O-O 8.b3 b6
9.O-O Bb7 10.Bb2 Rc8 11.Rad1 Qe7 12.e4 dxe4 13.Nxe4 Nxe4 14.Qxe4 Rfd8 15.Bd3 Nf8
16.Qg4 g6 17.Rfe1 Qc7 18.h4 h5 19.Qh3 c5 20.Bc2 Be7 21.dxc5 Bxc5 22.Nd4 Qf4
23.Bc1 Qc7 24.Nb5 Qb8 25.Qc3 Rxd1 26.Bxd1 Be7 27.Bh6 e5 28.Qg3 Kh7 29.Rxe5 Ne6
30.Bf4 Nxf4 31.Rxe7 Rd8 32.Rxf7+ Kg8 33.Rxf4 Rxd1+ 34.Kh2 Kh8 35.Nc7 Rd6
36.Rf7 Qd8 37.Qe5+  1-0

[Event "DEN-chT 9495"]
[Site "?"]
[Date "1995.??.??"]
[Round "5"]
[White "Hamann, Svend"]
[Black "Hansen, Lars Bo"]
[Result "1/2-1/2"]
[WhiteElo "2355"]
[BlackElo "2545"]

1.d4 d5 2.c4 c6 3.Nf3 Nf6 4.Nc3 e6 5.e3 Nbd7 6.Qc2 Bd6 7.b3 O-O 8.Be2 b6
9.O-O Bb7 10.e4 Nxe4 11.Nxe4 dxe4 12.Qxe4 Nf6 13.Qh4 c5 14.dxc5 bxc5 15.Bb2 Qe7
16.Rfe1 Ne4 17.Qxe7 Bxe7 18.Bd3 f5 19.Bxe4 fxe4 20.Nd2 Rad8 21.Nxe4 Bxe4
22.Rxe4 Rd2 23.Bc3 Rdxf2 24.Rxe6 Bg5 25.Re8 Rxg2+ 26.Kxg2 Rxe8 27.Re1 Rxe1
28.Bxe1 Kf7 29.Kf3 Ke6 30.Ke4 a6 31.Bg3 Be7  1/2-1/2

[Event "DEN-chT9596"]
[Site "DEN"]
[Date "1995.??.??"]
[Round "2"]
[White "Meyer, Lars A"]
[Black "Christensen, Tobias"]
[Result "0-1"]
[WhiteElo "2305"]
[BlackElo "2375"]

1.d4 d5 2.c4 e6 3.Nc3 c6 4.e3 Nf6 5.Nf3 Be7 6.Be2 dxc4 7.Bxc4 b5 8.Bd3 a6
9.e4 Bb7 10.e5 Nfd7 11.a4 c5 12.axb5 cxd4 13.Be4 axb5 14.Rxa8 Bxa8 15.Qxd4 Nc6
16.Qd3 Nc5 17.Qxb5 Nxe4 18.Nxe4 O-O 19.O-O Nd4 20.Nxd4 Qxd4 21.Nd2 Qg4 22.f3 Qd4+
23.Kh1 Rc8 24.Nb1 Bc6 25.Qe2 Bd5 26.Rd1 Bb3 27.Re1 Rc2 28.Qb5 Qf2 29.Qf1 Qh4
30.Re4 Qf2 31.Qxf2 Rxf2 32.Re1 Bb4 33.Nc3 Rc2 34.h3 h6 35.Kh2 Kh7 36.Kg3 Bc5
37.Ne4 Bb4 38.Nc3 Kg6  0-1

[Event "Dhaka"]
[Site "Dhaka"]
[Date "1995.??.??"]
[Round "7"]
[White "Krasenkow, Michal"]
[Black "Serper, Grigory"]
[Result "1-0"]
[WhiteElo "2575"]
[BlackElo "2585"]

1.c4 c6 2.d4 d5 3.e3 Nf6 4.Nc3 e6 5.Nf3 Nbd7 6.Bd3 dxc4 7.Bxc4 b5 8.Bd3 a6
9.a4 Bb7 10.Qe2 Be7 11.O-O O-O 12.Bd2 b4 13.Ne4 c5 14.Nxf6+ Bxf6 15.Rfd1 Qb8
16.e4 cxd4 17.Bxb4 Rc8 18.Rac1 a5 19.Rxc8+ Bxc8 20.Ba3 e5 21.Rc1 Nb6 22.Bb5 Bb7
23.Rc5 Be7 24.Rxe5 Bxa3 25.Re8+ Qxe8 26.Bxe8 Rxe8 27.bxa3 Rxe4 28.Qb2 Re6
29.Qxd4 h6 30.Ne5 Nd5 31.h3 g5 32.Qa7 Rb6 33.Qb8+ Kg7 34.Nd7 Rb1+ 35.Kh2 Nf4
36.Qf8+ Kg6 37.Qg8+ Kf5 38.Qxf7+ Ke4 39.Nc5+ Kd4 40.Nxb7 Rf1 41.Qd7+ Kc3
42.Qc6+ Kd2 43.Nc5  1-0

[Event "Dortmund"]
[Site "Dortmund"]
[Date "1995.??.??"]
[Round "2"]
[White "Karpov, Anatoly"]
[Black "Kramnik, Vladimir"]
[Result "1/2-1/2"]
[WhiteElo "2775"]
[BlackElo "2730"]

1.d4 d5 2.c4 c6 3.Nc3 Nf6 4.e3 e6 5.Nf3 Nbd7 6.Bd3 dxc4 7.Bxc4 b5 8.Bd3 Bb7
9.a3 b4 10.Ne4 Nxe4 11.Bxe4 bxa3 12.bxa3 Bd6 13.Bd2 Rb8 14.Qa4 c5 15.Bxb7 Rxb7
16.dxc5 Bxc5 17.Ba5 Qb8 18.Rd1 O-O  1/2-1/2

[Event "Dortmund"]
[Site "Dortmund"]
[Date "1995.??.??"]
[Round "8"]
[White "Karpov, Anatoly"]
[Black "Lautier, Joel"]
[Result "1-0"]
[WhiteElo "2770"]
[BlackElo "2645"]

1.d4 d5 2.c4 c6 3.Nc3 Nf6 4.e3 e6 5.Nf3 Nbd7 6.Qc2 Bd6 7.Be2 O-O 8.O-O Re8
9.Rd1 Qe7 10.h3 h6 11.a3 dxc4 12.Bxc4 e5 13.Nh4 Nf8 14.dxe5 Bxe5 15.Bd2 Bc7
16.Nf5 Qe5 17.Ng3 Be6 18.Bd3 Rad8 19.Nce2 Bb6 20.b4 Ng6 21.a4 a6 22.Bc3 Qg5
23.Bd4 Bxd4 24.Nxd4 Bd5 25.e4 Be6 26.Nf3 Qf4 27.b5 axb5 28.axb5 Ne5 29.Nxe5 Qxe5
30.bxc6 bxc6 31.Rac1 Rd6 32.Qc3 Nd7 33.Be2 Rxd1+ 34.Bxd1 Qxc3 35.Rxc3 Rc8
36.f4 f6 37.Ne2 c5 38.Nd4 Bf7 39.Bg4 Re8 40.Nb5 Nb6 41.Nd6 Na4 42.Ra3 Ra8
43.e5 Bd5 44.e6  1-0

[Event "Dos Hermanas"]
[Site "Dos Hermanas"]
[Date "1995.??.??"]
[Round "3"]
[White "Gelfand, Boris"]
[Black "Illescas Cordoba, Miguel"]
[Result "1/2-1/2"]
[WhiteElo "2700"]
[BlackElo "2595"]

1.d4 d5 2.c4 c6 3.Nc3 Nf6 4.Nf3 e6 5.e3 Nbd7 6.Bd3 dxc4 7.Bxc4 b5 8.Bd3 Bb7
9.O-O a6 10.e4 c5 11.d5 Qc7 12.dxe6 fxe6 13.Bc2 c4 14.Ng5 Nc5 15.e5 Qxe5
16.Re1 Qd6 17.Qxd6 Bxd6 18.Be3 O-O 19.Rad1 Be7 20.Bxc5 Bxc5 21.Nxe6 Rfc8
22.a3 Bb6 23.Nxg7 Ng4 24.Rf1 Rd8 25.Nf5 Rxd1 26.Bxd1 Nxf2 27.Rxf2 Rd8 28.Kf1 Bxf2
29.Kxf2 Rd2+ 30.Be2 Rxb2 31.Nd4 Kg7 32.g4 Bc8 33.Ke1 Bxg4 34.Bxg4 Rxh2 35.Bc8 Rb2
36.Bxa6 b4 37.axb4 Rxb4 38.Kd2 h5 39.Nf3 Kh6 40.Kc2 Kg7 41.Bb5 Kh6 42.Bc6 Rb8
43.Bd5 Rc8 44.Kd2 h4 45.Nxh4 Rd8 46.Nf5+ Kg5 47.Ne3 Kf4 48.Nc2 Ke5 49.Nb4 Kd6
50.Bf3 Kc5+ 51.Nbd5 Rf8 52.Ke3 Re8+ 53.Be4 Rh8 54.Na4+ Kb5 55.Ndc3+ Kb4 56.Kd4 Rh3
57.Nb6 Rd3+ 58.Bxd3 cxd3  1/2-1/2

[Event "Dos Hermanas"]
[Site "Dos Hermanas"]
[Date "1995.??.??"]
[Round "9"]
[White "Salov, Valery"]
[Black "Shirov, Alexei"]
[Result "1/2-1/2"]
[WhiteElo "2715"]
[BlackElo "2710"]

1.d4 d5 2.c4 c6 3.Nc3 Nf6 4.e3 e6 5.Nf3 Nbd7 6.Qc2 Bd6 7.e4 e5 8.cxd5 cxd5
9.exd5 O-O 10.Be2 Re8 11.Bg5 h6 12.Bh4 Qc7 13.O-O-O e4 14.Nd2 g5 15.Bg3 Nb6
16.Nf1 Bf4+ 17.Ne3 Qd8 18.d6 Qxd6 19.Kb1 Be6 20.d5 Nfxd5 21.Nexd5 Nxd5 22.Rxd5 Bxd5
23.Rd1 Bxa2+ 24.Kxa2 Qe6+ 25.Qb3 Qxb3+ 26.Kxb3 Bxg3 27.hxg3 Rad8 28.Nxe4 Rxd1
29.Nf6+ Kf8 30.Bxd1 Rd8 31.Bf3 Ke7 32.Nd5+ Ke6 33.Ne3 Rd2 34.Nd1 f5 35.Kc3 Rd7
36.Ne3 Ke5 37.g4 Rc7+ 38.Kb3 f4 39.Nc4+ Ke6 40.Na5 b6 41.Nc6 Kd6 42.Nd4 Ke5
43.Nb5 Re7 44.Kc3 a6 45.Na3 b5 46.Be2 Rc7+ 47.Kd2 Rd7+ 48.Bd3 f3 49.g3 Rd4
50.Nc2 Rxg4 51.b3 h5 52.Ke3 a5 53.Bxb5 Re4+ 54.Kxf3 g4+ 55.Kg2 Kd6 56.f3 Re5
57.Bc4 gxf3+ 58.Kxf3 Rc5 59.Ne3 Ke5 60.Ke2 a4 61.bxa4  1/2-1/2

[Event "Dresden U20"]
[Site "Dresden"]
[Date "1995.??.??"]
[Round "?"]
[White "Reh, Philipp"]
[Black "Turzo, Attila"]
[Result "1/2-1/2"]
[WhiteElo "2105"]
[BlackElo "2310"]

1.d4 d5 2.c4 c6 3.Nf3 Nf6 4.Nc3 e6 5.e3 Nbd7 6.Qc2 Bd6 7.Be2 O-O 8.O-O dxc4
9.Bxc4 Qe7 10.e4 e5 11.Bg5 a6 12.d5 c5 13.a4 h6 14.Bh4 g5 15.Bg3 Nh5 16.Nd1 Ndf6
17.Ne3 Nf4 18.Rad1 Ne8 19.Nf5 Bxf5 20.exf5 Nc7 21.Bxf4 exf4 22.Qc3 f6 23.a5 Qd7
24.Qd3 Rae8 25.Rfe1 Rxe1+ 26.Rxe1 Re8 27.Rxe8+ Qxe8 28.Qe2 Kf8 29.Qxe8+ Nxe8
30.Nd2 Be5 31.b3 Nd6 32.Bd3 Bc3 33.Ne4 Nxe4 34.Bxe4 Bxa5 35.d6 b5 36.Bb7 c4
37.bxc4 bxc4 38.Bxa6 c3 39.Bd3 f3 40.gxf3 Ke8 41.Kg2 Kd7 42.f4 gxf4 43.Kf3 Kxd6
44.Kxf4 Bb6 45.Ke4 Bxf2 46.Bc2 Kc5 47.Bd1 Kc4 48.Bc2 h5 49.h3 Bd4 50.Ba4  1/2-1/2

[Event "Dresden (Women)"]
[Site "Dresden"]
[Date "1995.??.??"]
[Round "?"]
[White "Baginskaite, Kamile"]
[Black "Trabert, Bettina"]
[Result "1/2-1/2"]
[WhiteElo "2240"]
[BlackElo "2210"]

1.d4 d5 2.c4 e6 3.Nc3 c6 4.e3 Nf6 5.Nf3 Nbd7 6.Bd3 dxc4 7.Bxc4 b5 8.Bd3 Bb7
9.e4 b4 10.Na4 c5 11.e5 Nd5 12.Nxc5 Bxc5 13.dxc5 Nxc5 14.Bb5+ Ke7 15.Qd4 Qb6
16.Qh4+ f6 17.Bc4 Rag8 18.O-O h5 19.Bd2 a5 20.Rac1 Nd7 21.Rfe1 Kf7 22.Be2 Ne7
23.Be3 Qd8 24.Red1 Bd5 25.Qd4 Nc6 26.Qd3 Ncxe5 27.Nxe5+ Nxe5 28.Qa6 Qa8 29.Rc7+ Kg6
30.Ra7 Qc6 31.f4 Qxa6 32.Bxa6 Nc6 33.f5+ Kxf5 34.Bd3+ Ke5 35.Rd7 g5 36.Bf2 f5
37.Re1+ Kf6 38.h4 Rd8 39.hxg5+ Kxg5 40.Rg7+ Kf6 41.Rc7 Rc8 42.Rd7 h4 43.Bb5 Be4
44.Rd6 Nb8 45.Red1 Ke7 46.Bd7 Nxd7 47.Rxd7+ Ke8 48.Bc5 Bd5 49.Re7+ Kd8 50.Rxe6 Rxc5
51.Rd6+ Kc7 52.R1xd5 Rxd5 53.Rxd5 Kb6 54.Rxf5 Rd8 55.Rf2 Rd4 56.b3 Kc5  1/2-1/2

[Event "Dresden op"]
[Site "Dresden"]
[Date "1995.??.??"]
[Round "?"]
[White "Mowsziszian, Karen"]
[Black "Rausch, Stephan"]
[Result "1-0"]
[WhiteElo "2440"]
[BlackElo "2290"]

1.d4 d5 2.c4 e6 3.Nc3 Nf6 4.Nf3 c6 5.e3 Nbd7 6.Bd3 dxc4 7.Bxc4 b5 8.Bb3 Bb7
9.O-O a6 10.e4 c5 11.e5 cxd4 12.Qxd4 Bc5 13.Qf4 Nh5 14.Qg4 g6 15.Ne4 Ng7
16.Bg5 Qb6 17.Rad1 Nf5 18.Bf6 Rg8 19.Nfg5 h5 20.Qe2 Bd4 21.Nf3 Nc5 22.Bc2 Bxb2
23.Nxc5 Qxc5 24.Be4 Bxe4 25.Qxe4 Rc8 26.Qb7 Kf8 27.Ng5  1-0

[Event "Dresden op"]
[Site "Dresden"]
[Date "1995.??.??"]
[Round "?"]
[White "Teske, Henrik"]
[Black "Molinaroli, Martin"]
[Result "1-0"]
[WhiteElo "2500"]
[BlackElo "2310"]

1.d4 d5 2.Nf3 Nf6 3.c4 e6 4.Nc3 c6 5.e3 Nbd7 6.Qc2 Bd6 7.b3 O-O 8.Bd3 a6
9.O-O e5 10.cxd5 cxd5 11.e4 dxe4 12.Nxe4 Nxe4 13.Bxe4 h6 14.Bb2 exd4 15.Nxd4 Nf6
16.Bf3 Qc7 17.Qxc7 Bxc7 18.Rac1 Bb6 19.Rc4 Rd8 20.Rfc1 Rb8 21.h3 Ba7 22.a4 Nh7
23.g4 Ng5 24.Bg2 g6 25.a5 Ne6 26.Ne2 Bd7 27.Be5 Bb5 28.R4c2 Bxe2 29.Bxb8 Rxb8
30.Rxe2 b6 31.Rxe6  1-0

[Event "RUS-ch"]
[Site "Elista"]
[Date "1995.??.??"]
[Round "1"]
[White "Iskusnyh, Sergei"]
[Black "Sorokin, Maxim"]
[Result "1/2-1/2"]
[WhiteElo "2430"]
[BlackElo "2550"]

1.d4 d5 2.c4 e6 3.Nc3 c6 4.e3 Nf6 5.Nf3 Nbd7 6.Bd3 dxc4 7.Bxc4 b5 8.Bd3 Bb7
9.O-O a6 10.e4 c5 11.d5 c4 12.Bc2 Qc7 13.dxe6 fxe6 14.Qe2 Bd6 15.Kh1 O-O-O
16.Nd4 Nc5 17.f4 e5 18.Nf5 Ne6 19.Nd5 Nxd5 20.exd5 Nd4 21.Qg4 Nxf5 22.Bxf5+ Kb8
23.Be6 exf4 24.Rxf4 Rhf8 25.Rxf8 Rxf8 26.Be3 Bxh2 27.a4 b4 28.Qd4 Bc8 29.Rc1 Be5
30.Qxc4 Qxc4 31.Rxc4 b3 32.Bxc8 Rxc8 33.Rb4+ Ka8 34.Rxb3 Rc2 35.Rd3 Bd6 36.b3 Kb7
37.g4 Rh2+ 38.Kg1 Rh4 39.g5 h5 40.gxh6 gxh6 41.Kg2 h5 42.Bf2 Rg4+ 43.Kh3 Rg5
44.Bh4 Rf5 45.Kg2 Kc8 46.Rd4 Kd7 47.b4 Be5 48.Rc4 Bd6 49.Rd4 Be5 50.Rc4 Bd6
51.Rd4  1/2-1/2

[Event "RUS-ch"]
[Site "Elista"]
[Date "1995.??.??"]
[Round "6"]
[White "Ibragimov, Ildar"]
[Black "Bareev, Evgeny"]
[Result "0-1"]
[WhiteElo "2580"]
[BlackElo "2650"]

1.d4 d5 2.c4 c6 3.Nc3 Nf6 4.e3 e6 5.Nf3 Nbd7 6.Bd2 b6 7.Bd3 Bb7 8.O-O Be7
9.e4 dxe4 10.Nxe4 c5 11.Qe2 cxd4 12.Nxd4 Ne5 13.Nxf6+ Bxf6 14.Be4 Bxe4 15.Qxe4 Rc8
16.Bc3 Rxc4 17.Rad1 O-O 18.Qe2 Qd5 19.Rfe1 Ng6 20.Nf3 Qc5 21.Bxf6 gxf6 22.g3 Rc2
23.Rd2 Rxd2 24.Qxd2 Rc8 25.h4 h5 26.Rd1 Kg7 27.Qe2 Qf5 28.Nd4 Qg4 29.Qxg4 hxg4
30.f4 Ne7 31.Kf2 e5 32.Ne2 Rc2 33.Ke3 Kg6 34.fxe5 fxe5 35.Rd6+ f6 36.Kd3 Rxb2
37.Nc3 Nf5 38.h5+ Kf7 39.Rc6 Nxg3 40.h6 Rh2 41.Rc7+ Kg6  0-1

[Event "RUS-ch"]
[Site "Elista"]
[Date "1995.??.??"]
[Round "7"]
[White "Makarov, Marat"]
[Black "Frog, Ilya"]
[Result "1-0"]
[WhiteElo "2520"]
[BlackElo "2295"]

1.Nf3 d5 2.c4 c6 3.d4 Nf6 4.Nc3 e6 5.e3 Nbd7 6.Qc2 Bd6 7.Bd3 O-O 8.O-O a6
9.c5 Bc7 10.e4 e5 11.exd5 cxd5 12.dxe5 Nxe5 13.Nxe5 Bxe5 14.Bg5 h6 15.Bxf6 Bxf6
16.Rad1 g6 17.Be4 d4 18.Nd5 Bg7 19.Nb6 Rb8 20.b4 Bg4 21.Rde1 Bd7 22.a4 Bc6
23.Qd3 Qc7 24.Bxc6 Qxc6 25.Rc1 Rfe8 26.b5 axb5 27.axb5 Qe6 28.h3 Qe5 29.Nd7  1-0

[Event "RUS-ch"]
[Site "Elista"]
[Date "1995.??.??"]
[Round "9"]
[White "Dyachkov, Sergej"]
[Black "Namgilov, Sogto"]
[Result "0-1"]
[WhiteElo "2520"]
[BlackElo "2425"]

1.d4 d5 2.c4 c6 3.Nf3 Nf6 4.Nc3 e6 5.e3 Nbd7 6.Bd3 Be7 7.O-O O-O 8.e4 dxe4
9.Nxe4 c5 10.Nxc5 Nxc5 11.dxc5 Qc7 12.Qe2 Qxc5 13.Bg5 Bd7 14.Ne5 Bc6 15.Rfe1 Rad8
16.Qe3 Qxe3 17.Bxe3 Ra8 18.Nxc6 bxc6 19.Be2 c5 20.Red1 Rab8 21.Rab1 Rb6 22.g4 Rfb8
23.Bf4 Re8 24.Bf3 h6 25.Kg2 Kf8 26.Be5 Rd8 27.Rxd8+ Bxd8 28.Rd1 Ke7 29.b4 cxb4
30.c5 Ra6 31.Bd6+ Kd7 32.Bb7 Rxa2 33.c6+ Ke8 34.c7 Bxc7 35.Bxc7 Nxg4 36.Bc6+ Ke7
37.Bd6+ Kf6 38.Bxb4 Ne3+  0-1

[Event "RUS-ch"]
[Site "Elista"]
[Date "1995.??.??"]
[Round "10"]
[White "Pushkov, Nikolai"]
[Black "Panchenko, Alexander N"]
[Result "1/2-1/2"]
[WhiteElo "2515"]
[BlackElo "2460"]

1.d4 d5 2.c4 c6 3.Nf3 Nf6 4.Nc3 e6 5.e3 Nbd7 6.Qc2 Bd6 7.Be2 O-O 8.Rg1 b6
9.b3 Bb7 10.Bb2 c5 11.cxd5 Nxd5 12.Nxd5 Bxd5 13.e4 Bb7  1/2-1/2

[Event "RUS-ch (Women)"]
[Site "Elista"]
[Date "1995.??.??"]
[Round "11"]
[White "Ovchinikova, Julia"]
[Black "Strutinskaya, Galina N"]
[Result "1-0"]
[WhiteElo "2195"]
[BlackElo "2330"]

1.d4 Nf6 2.c4 e6 3.Nc3 d5 4.Nf3 c6 5.e3 Nbd7 6.Qc2 Bd6 7.Be2 a6 8.O-O b5
9.b3 b4 10.Na4 Bb7 11.a3 dxc4 12.bxc4 bxa3 13.Bxa3 Bxa3 14.Rxa3 c5 15.Rd1 Qc7
16.Ne1 O-O 17.Bf3 Bxf3 18.Nxf3 cxd4 19.exd4 Rab8 20.Nb2 Qb7 21.Nd3 Rfc8 22.Qa2 Rc6
23.h3 h6 24.Nd2 Qa7 25.Qa1 Rd6 26.c5 Rc6 27.Nc4 Nd5 28.Nce5 Nxe5 29.Nxe5 Rc7
30.Rxa6 Qb7 31.Nd3 Qb3 32.Ra3 Qb5 33.Ra2 Qd7 34.Ra8 Rxa8 35.Qxa8+ Rc8 36.Qa6 Ne7
37.Ne5 Qd8 38.Rd3 Nf5 39.Qb7 Rc7 40.Qe4 Ra7 41.d5 Qa8 42.Rd1 Ra4 43.Qb1 Nd4
44.d6 f6 45.Ng6 Ne2+ 46.Kh2 Nc3 47.Ne7+ Kh8 48.Qb6 Ra6 49.Qxa6  1-0

[Event "St Peter's De Beauvoir"]
[Site "ENG"]
[Date "1995.??.??"]
[Round "?"]
[White "Summerscale, Aaron"]
[Black "Whiteley, Andrew J"]
[Result "1-0"]
[WhiteElo "2435"]
[BlackElo "2335"]

1.d4 d5 2.c4 c6 3.Nc3 Nf6 4.Nf3 e6 5.e3 Nbd7 6.Qc2 Bd6 7.Be2 O-O 8.O-O dxc4
9.Bxc4 c5 10.Rd1 cxd4 11.exd4 Nb6 12.Bb3 h6 13.Qd3 Nbd5 14.Ne5 Nxc3 15.bxc3 Bxe5
16.dxe5 Qxd3 17.Rxd3 Nd7 18.Ba3 Re8 19.Rad1 Nxe5 20.Rd8 Rxd8 21.Rxd8+ Kh7
22.Bc2+ f5 23.Bb3 Nc6 24.Rf8 e5 25.Bd5 g5 26.g3 Kg7 27.c4 a5 28.Bd6 Nb4 29.Rf7+ Kg6
30.Bxe5 f4 31.Rf6+ Kh7 32.Rf8 Nxd5 33.cxd5 a4 34.d6 Rb8 35.Rxc8 f3 36.Bd4  1-0

[Event "St Peter's De Beauvoir"]
[Site "ENG"]
[Date "1995.??.??"]
[Round "?"]
[White "Summerscale, Aaron"]
[Black "McDonald, Neil R"]
[Result "0-1"]
[WhiteElo "2435"]
[BlackElo "2460"]

1.d4 d5 2.c4 c6 3.Nf3 Nf6 4.e3 e6 5.Nc3 Nbd7 6.Qc2 Bd6 7.Be2 O-O 8.O-O b6
9.cxd5 cxd5 10.Nb5 Be7 11.Nc7 Rb8 12.Na6 Bxa6 13.Bxa6 b5 14.Ne5 Nxe5 15.dxe5 Ne4
16.a4 Qa5 17.f3 Nc5 18.b4 Qxa6 19.bxc5 b4 20.Bb2 b3 21.Qc3 Rfc8 22.Ba3 Qxa4
23.Qb2 Qb5 24.Rfc1 Bxc5 25.Bxc5 Rxc5 26.Rxa7 Rxc1+ 27.Qxc1 b2 28.Qb1 Qc5  0-1

[Event "NLD-ch sf"]
[Site "Enschede"]
[Date "1995.??.??"]
[Round "3"]
[White "Van Voorthuijsen, PW."]
[Black "Delemarre, Jop"]
[Result "1/2-1/2"]
[WhiteElo "2300"]
[BlackElo "2320"]

1.d4 d5 2.c4 c6 3.Nf3 Nf6 4.Nc3 e6 5.e3 Nbd7 6.Qc2 Be7 7.Bd2 O-O 8.O-O-O b5
9.c5 e5 10.h3 Qc7 11.g4 b4 12.Na4 Rb8 13.Nxe5 Nxe5 14.dxe5 Ne4 15.Be1 Qxe5
16.Rd4 Bg5 17.Kb1 f5 18.h4 Bd8 19.f4 Qe6 20.g5 Re8  1/2-1/2

[Event "NLD-ch sf"]
[Site "Enschede"]
[Date "1995.??.??"]
[Round "4"]
[White "Hoeksema, Hendrik Pieter"]
[Black "Strating, Sybolt"]
[Result "1-0"]
[WhiteElo "2410"]
[BlackElo "2310"]

1.d4 d5 2.c4 c6 3.Nc3 Nf6 4.e3 e6 5.Nf3 Nbd7 6.Qc2 Bd6 7.Be2 Qe7 8.O-O dxc4
9.Bxc4 e5 10.h3 O-O 11.a3 b6 12.Rd1 Bb7 13.e4 Rad8 14.Ba2 Bb8 15.Be3 c5 16.d5 Ne8
17.Nd2 Nd6 18.Nc4 Nf6 19.Nxd6 Bxd6 20.Qe2 a6 21.a4 Ra8 22.Bc4 Rfc8 23.Bg5 h6
24.Bh4 Rc7 25.Ra3 Rd7 26.Nb1 Qd8 27.Nd2 Be7 28.Bg3 Bd6 29.Rb3 Ne8 30.Bd3 Bc7
31.Nc4 f6 32.Na5 Qc8 33.Nxb7 Qxb7 34.d6 Nxd6 35.Bc4+ Kf8 36.Bd5 Qa7 37.Bxa8 Qxa8
38.Rbd3 c4 39.Rd5 Qc6 40.f4 Re7 41.fxe5 Ne8 42.Qf3 Kg8 43.Qf5 g6 44.Qc8 b5
45.Kh1 Kf7 46.axb5 axb5 47.Rd7 c3 48.bxc3 Qxc3 49.Rxe7+ Kxe7 50.Qd7+  1-0

[Event "NLD-ch sf"]
[Site "Enschede"]
[Date "1995.??.??"]
[Round "8"]
[White "Van Voorthuijsen, PW."]
[Black "Van de Oudeweetering, Arthur"]
[Result "1-0"]
[WhiteElo "2300"]
[BlackElo "2350"]

1.d4 d5 2.c4 c6 3.Nc3 Nf6 4.Nf3 e6 5.e3 Nbd7 6.Qc2 Bd6 7.Bd2 O-O 8.O-O-O b5
9.c5 Bc7 10.h3 b4 11.Na4 a5 12.g4 Ba6 13.Bxa6 Rxa6 14.Be1 Ne4 15.Ng1 e5 16.f3 Nef6
17.Bh4 Ra8 18.Ne2 Re8 19.e4 dxe4 20.dxe5 exf3 21.Bxf6 gxf6 22.Ng3 fxe5 23.Qf5 Re6
24.Ne4 Kg7 25.Ng5 Rf6 26.Qxh7+ Kf8 27.Ne4 Rf4 28.Qh6+ Ke8 29.Qxc6 Rc8 30.g5 Rxe4
31.Qxe4 Qxg5+ 32.Kb1 Qg6 33.Qxg6 fxg6 34.Rhf1 e4 35.Rde1 Nf6 36.Rxf3 Kf7
37.Rxe4 Rh8 38.Re2 g5 39.Nb6 Bf4 40.c6 Ne8 41.Nd5  1-0

[Event "Catalunya-chT"]
[Site "ESP"]
[Date "1995.??.??"]
[Round "?"]
[White "Gonzalez Velez, Fermin"]
[Black "Sorroche Martin, Jose Maria"]
[Result "1/2-1/2"]
[WhiteElo "2395"]
[BlackElo "2390"]

1.d4 d5 2.c4 e6 3.Nc3 c6 4.e3 Nf6 5.Nf3 Nbd7 6.Bd3 Bd6 7.e4 dxe4 8.Nxe4 Nxe4
9.Bxe4 e5 10.O-O O-O 11.Qc2 exd4 12.Bxh7+ Kh8 13.Ng5 Nf6 14.Bd3 c5 15.f4 Qc7
16.b4 cxb4 17.Qf2 g6 18.Bb2 Kg8 19.Kh1 Bc5 20.f5 Kg7 21.Rae1 Rh8 22.h3 Ng4
23.Bxd4+ f6 24.Qf4 Qxf4 25.Rxf4 Bxd4 26.Rxd4 Nf2+ 27.Kg1 fxg5 28.f6+ Kxf6
29.Rd6+ Kg7 30.Rxg6+ Kf7 31.Rf1 Rh4 32.Rxf2+ Rf4 33.Re2 Bf5 34.Bxf5 Rxf5
35.Rd6 Kf8 36.Rd7 Rf7 37.Rd5 Rg7 38.Ree5 g4 39.Rf5+ Kg8 40.hxg4 Rxg4 41.Rd7 Rf8
42.Rxf8+ Kxf8 43.Rxb7 a5 44.Ra7 Rxc4 45.Rxa5 Kf7 46.Ra6 Rc2 47.Kh2 Rb2 48.Kh3 b3
49.axb3 Rxb3+ 50.Kh4 Kg7 51.g4 Rb4 52.Rc6  1/2-1/2

[Event "FIN-ch-B"]
[Site "FIN"]
[Date "1995.??.??"]
[Round "?"]
[White "Fieandt, John"]
[Black "Tella, Jussi"]
[Result "1/2-1/2"]
[WhiteElo "2210"]
[BlackElo "2240"]

1.d4 d5 2.c4 c6 3.Nf3 Nf6 4.Nc3 e6 5.e3 Nbd7 6.Bd3 dxc4 7.Bxc4 b5 8.Bd3 a6
9.O-O c5 10.Ne4 Bb7 11.Nxf6+ Nxf6 12.dxc5 Bxc5 13.Qe2 O-O 14.Rd1 Qb6 15.Bd2 Rfd8
16.Be1 Be4 17.Rac1 Bxd3 18.Rxd3 Rxd3 19.Qxd3 h6  1/2-1/2

[Event "FIN-chT"]
[Site "FIN"]
[Date "1995.??.??"]
[Round "?"]
[White "Issakainen, Ari"]
[Black "Kokkila, Tero"]
[Result "1-0"]
[WhiteElo "2250"]
[BlackElo "2205"]

1.d4 e6 2.c4 Nf6 3.Nf3 d5 4.Nc3 c6 5.e3 Nbd7 6.Bd2 Bd6 7.Bd3 O-O 8.O-O dxc4
9.Bxc4 e5 10.Qc2 Qe7 11.Rfe1 e4 12.Ng5 Nb6 13.Be2 Bf5 14.f3 Nfd5 15.Ngxe4 Rae8
16.Qd1 Nxc3 17.Nxc3 Qh4 18.f4 Re6 19.g3 Rg6 20.Bf3 Nc4 21.Bc1 Rd8 22.Qe2 Nb6
23.e4 Bh3 24.Kh1 Qe7 25.f5 Rxg3 26.e5 Rxf3 27.Qxf3 Qh4 28.Re4  1-0

[Event "FIN-ch"]
[Site "FIN"]
[Date "1995.??.??"]
[Round "?"]
[White "Paasikangas, Johanna"]
[Black "Tella, Jussi"]
[Result "0-1"]
[WhiteElo "2140"]
[BlackElo "2240"]

1.d4 d5 2.c4 c6 3.Nc3 Nf6 4.e3 e6 5.Nf3 Nbd7 6.b3 Bd6 7.Bd3 O-O 8.O-O e5
9.cxd5 cxd5 10.Nb5 Bb8 11.dxe5 Nxe5 12.Be2 a6 13.Nbd4 Qd6 14.a4 Re8 15.Ba3 Nxf3+
16.Nxf3 Qe6 17.Rc1 Ne4 18.Bc5 Bd7 19.b4 Qh6 20.g3 Nxc5 21.Rxc5 Bh3 22.Re1 Bd6
23.Rxd5 Bxb4 24.Nd2 Rad8 25.Bc4 Be6  0-1

[Event "Finkenstein op"]
[Site "Finkenstein"]
[Date "1995.??.??"]
[Round "5"]
[White "Grom, Waldemar"]
[Black "Huber, Hans"]
[Result "1-0"]
[WhiteElo "1920"]
[BlackElo "1680"]

1.c4 Nf6 2.Nc3 e6 3.d4 d5 4.Nf3 c6 5.e3 Be7 6.Be2 O-O 7.O-O Nbd7 8.b3 Qc7
9.Bb2 h6 10.Rc1 Re8 11.Nd2 b6 12.f4 Ba6 13.Nf3 Rad8 14.h3 dxc4 15.bxc4 Nh5
16.Qe1 Nxf4 17.exf4 Qxf4 18.Nd1 Nf6 19.Ne5 Qe4 20.Bf3 Qxe1 21.Rxe1 Bb4 22.Rf1 c5
23.Nc6 Rd6 24.Nxb4 cxb4 25.Nf2 Rc8 26.Be2 Nd7 27.Rfe1 Rdc6 28.d5 exd5 29.Bg4 R6c7
30.cxd5 Rxc1 31.Bxc1 Bb5 32.Bf4 Rc4 33.g3 Rd4 34.d6 g5 35.Re7 Nf8 36.Be5  1-0

[Event "Finkenstein op"]
[Site "Finkenstein"]
[Date "1995.??.??"]
[Round "8"]
[White "Kragelj, Igor"]
[Black "Bruns, Michael"]
[Result "0-1"]
[WhiteElo "2245"]
[BlackElo "2085"]

1.d4 Nf6 2.c4 e6 3.Nf3 d5 4.Nc3 c6 5.e3 Nbd7 6.Bd3 Bd6 7.e4 dxe4 8.Nxe4 Nxe4
9.Bxe4 Nf6 10.Bc2 Qa5+ 11.Bd2 Bb4 12.O-O Bxd2 13.Nxd2 O-O 14.Nb3 Qc7 15.Re1 b6
16.Re3 c5 17.Rg3 Bb7 18.Qd2 Be4 19.Qg5 Bg6 20.Bxg6 hxg6 21.Rh3 Rfd8 22.dxc5 bxc5
23.Re1 Rac8 24.Qh4 Kf8 25.Qh8+ Ng8 26.Rh7 Qe5 27.Rf1 Qxb2  0-1